Normal view
MARC view
- مراد، عثمان سليمان ؛ إعدادوتنفيذ سعيد حسن سمور ؛ تحقيق وتعليق أحمد حسين علي
Entry Personal Name
001 - CONTROL NUMBER
- control field: 56361
003 - CONTROL NUMBER IDENTIFIER
- control field: JO-AjAnu
005 - DATE AND TIME OF LATEST TRANSACTION
- control field: 20230606083233.0
008 - FIXED-LENGTH DATA ELEMENTS
- fixed length control field: 230606|| aca||aabn | a|a d
040 ## - CATALOGING SOURCE
- Original cataloging agency: JO-AjAnu
- Transcribing agency: JO-AjAnu
100 ## - HEADING--PERSONAL NAME
- Personal name: مراد، عثمان سليمان ؛ إعدادوتنفيذ سعيد حسن سمور ؛ تحقيق وتعليق أحمد حسين علي
670 ## - SOURCE DATA FOUND
- Source citation: Work cat.: (JO-AjAnu)28761: مراد، عثمان سليمان ؛ إعدادوتنفيذ سعيد حسن سمور ؛ تحقيق وتعليق أحمد حسين علي, author, السلسبيل الشافي في أحكام التجويد الوافي